Very Little Nightmares Trivia - Statistics

General Stats
  • This quiz has been taken 91 times
  • The average score is 10 of 14
Answer Stats
Hint Answer % Correct
Who is the girl in white you meet? Six
83%
Who do you play as? The Girl in the Yellow Raincoat
81%
Where are you? The Nest
79%
What does he make? Dolls
77%
You start the game in a crashed what? Hot Air Balloon
77%
Who hovers around and has telekinetic powers? The Butler
73%
Who do you encounter that rides in a wheelchair? The Craftsman
73%
What does he use to make them? Children
67%
Who does he serve? The Pretender
67%
What does he have on his hands? Cuffs
65%
How does she die? Falls to her death
63%
How do you die? Fall to your death
63%
What does the girl in white escape on? A Raft
54%
What lurks beneath the piles of trash Dump Monster
50%
No matching quizzes found
Score Distribution
Percent of People with Each Score
Percentile by Number Answered
Your Score History
You have not taken this quiz